|
|
|
|
| LEADER |
01056nam a2200253 a 4500 |
| 001 |
3154751 |
| 008 |
090709r19811973enk b 001 0 eng d |
| 010 |
|
|
|a \\\74162416
|
| 020 |
|
|
|a 0333135512
|
| 020 |
|
|
|a 0333128370 (pbk.)
|
| 040 |
|
|
|a DLC
|c DLC
|d DLC
|
| 082 |
0 |
0 |
|a 821/.7
|2 18
|
| 245 |
1 |
0 |
|a Coleridge :
|b The ancient mariner and other poems; a casebook /
|c edited by Alun R. Jones and William Tydeman.
|
| 260 |
|
|
|a London ;
|a New York :
|b Macmillan,
|c 1973 [reprinted 1981]
|
| 300 |
|
|
|a 254 p. ;
|c 21 cm.
|
| 490 |
0 |
|
|a Casebook series
|
| 504 |
|
|
|a Includes bibliographical references (p. [245]-247) and index.
|
| 541 |
1 |
|
|e 00009252
|
| 600 |
1 |
0 |
|a Coleridge, Samuel Taylor,
|d 1772-1834
|x Criticism and interpretation.
|
| 700 |
1 |
|
|a Tydeman, William,
|e joint comp.
|
| 700 |
1 |
|
|a Jones, Alun R.
|
| 852 |
4 |
|
|a Ayesha Abed Library
|j General shelf
|
| 999 |
|
|
|c 2227
|d 2227
|
| 952 |
|
|
|0 0
|1 0
|2 ddc
|4 1
|6 821_000000000000000__7_COL
|7 0
|9 2052
|a BRACUL
|b BRACUL
|c SPS
|d 2009-07-09
|g 0.00
|l 0
|o 821.7 COL
|p 3010009252
|r 2009-07-09
|t 1
|w 2009-07-09
|y BK
|x No price found in the accession register.
|